00537nam a22001817a 450000500170000001000130001702000260003003500130005603700260006908200080009510000180010324500800012126000280020127000700022930000210029949000130032050000220033320190418150714.0 aB-728111 c600.00a9788193704097 aB-728111 bAksharesh Enterprises a480 aAjay K. Singh aS.S.C. English:bPrevious Papers (2013-2017) PT & Mains /cby Ajay K. Singh aPatnabM.B. Booksc2018 a3rd Floor, Ramdiri House, Dadiji Lane, Boring RoadbPatnae800001 a732p.c28cm(pbk) a155 SETS arevised & updated